000
00307nam a22001337a 4500
008
170220b xxu||||| |||| 00| 0 eng d
020
_a
9780835960656
041
_a
eng
080
_2
4TH
_a
615
100
_a
5
101
_a
SHF
245
_a
PREHOSPITAL EMERGENCY PHARMACOLOGY
_c
BLEDOE, B.E
942
_2
udc
_c
BK
999
_c
5893
_d
5893